Word Ladder: Apple OS Quiz Stats

 Plays Quiz Updated Sep 7, 2012

Support Sporcle.
Go Orange.
Score 0/23 Timer 02:00
0 Plays Today
Clue 4-Letter Word % Correct
12 inchesFOOT
97.2%
'___ with the Wind'GONE
97.1%
Golfer's yellFORE
93.4%
Runny nose componentSNOT
93.2%
12:00NOON
92.2%
Nobel Laureate and former US VP AlGORE
91.9%
Santa's suit darkenerSOOT
91.3%
Military installationFORT
90.4%
Rhett Butler: 'Frankly my dear, I don't give a ___'DAMN
86.7%
MoistDAMP
85.3%
SoloLONE
84.5%
A place for garbageDUMP
83.6%
Clue 4-Letter Word % Correct
Tool for filling bike tiresPUMP
82.3%
Inert gas in red lampsNEON
79.6%
UK: Queue:: USA: ___LINE
73.3%
Apple OS 10.6: ___ LeopardSNOW
71%
Mend a knitted sockDARN
68%
'___: The Professional'LÉON
57.3%
Apple OS 10.7: ___LION
52.7%
Mark ___-Baker of 'Perfect Strangers'LINN
47.9%
Michael who played DS9's WorfDORN
43.4%
Apple OX 10.1: ___PUMA
41.3%
Norse goddess of destinyNORN
40.9%

Today's Daily Dose

You're not logged in!

Compare scores with friends on all Sporcle quizzes.
OR
Log In
Forgot?

From the Vault

MLB Teams with MLB

by sproutcm

If the MLB had a team called the Malibu Mulberries, they would score a ton of points in this quiz.
Remove Ads.
Support Sporcle.
Get the best of Sporcle when you Go Orange. This ad-free experience offers more features, more stats, and more fun while also helping to support Sporcle. Thank you for becoming a member.

Show Comments

Extras

Top Quizzes Today


Score Distribution

Your Account Isn't Verified!

In order to create a playlist on Sporcle, you need to verify the email address you used during registration. Go to your Sporcle Settings to finish the process.

Report this User

Report this user for behavior that violates our Community Guidelines.

Details: